Encyclopedia Of WAR (Record no. 331087)
[ view plain ]
| 000 -LEADER | |
|---|---|
| fixed length control field | 00465nam a2200169Ia 4500 |
| 008 - FIXED-LENGTH DATA ELEMENTS--GENERAL INFORMATION | |
| fixed length control field | 230718s9999 xx 000 0 und d |
| 020 ## - INTERNATIONAL STANDARD BOOK NUMBER | |
| International Standard Book Number | 9781409386643 |
| 041 ## - LANGUAGE CODE | |
| Language code of text/sound track or separate title | eng |
| 082 ## - DEWEY DECIMAL CLASSIFICATION NUMBER | |
| Classification number | 355.0203 |
| Item number | DAV |
| 100 ## - MAIN ENTRY--PERSONAL NAME | |
| Personal name | David S. (Editor) |
| 9 (RLIN) | 193681 |
| 245 ## - TITLE STATEMENT | |
| Title | Encyclopedia Of WAR |
| 260 ## - PUBLICATION, DISTRIBUTION, ETC. (IMPRINT) | |
| Date of publication, distribution, etc. | 2012 |
| Name of publisher, distributor, etc. | Dorling Kindersley |
| 300 ## - PHYSICAL DESCRIPTION | |
| Extent | 512 |
| 365 ## - TRADE PRICE | |
| Currency code | Rs. |
| Price amount | 899.00 |
| 700 ## - ADDED ENTRY--PERSONAL NAME | |
| Personal name | David S. (Editor) |
| 9 (RLIN) | 193681 |
| 906 ## - LOCAL DATA ELEMENT F, LDF (RLIN) | |
| d | O:0295104-Aug-2012B:35606-Jun-2012 |
| c | GENRL |
| b | 224.75 |
| Withdrawn status | Lost status | Damaged status | Not for loan | Home library | Current library | Date acquired | Vendor | Budget Code | Cost, normal purchase price | Bill number | Total Checkouts | Full call number | Barcode | Date last seen | Date last checked out | Discount | Cost, replacement price | Bill Date | Koha item type | Original Barcode |
|---|---|---|---|---|---|---|---|---|---|---|---|---|---|---|---|---|---|---|---|---|
| Cummins College of Engineering for Women Pune | Cummins College of Engineering for Women Pune | 01/08/2012 | Technical Book Services | GENRL | 674.25 | 356 | 1 | 355.0203 | CCEP-BK-42294 | 02/02/2026 | 22/01/2026 | 224.75 | 899.00 | 06/06/2012 | Books | 042294 |